| 000 | 00438nam a22001697a 4500 | ||
|---|---|---|---|
| 005 | 20260413154146.0 | ||
| 008 | 260413b |||||||| |||| 00| 0 eng d | ||
| 020 | _a9789697834129 | ||
| 040 | _cPK-LaNCA | ||
| 082 |
_a193 _bRAH |
||
| 100 | _aRahim, Eric | ||
| 245 | _aA promethean vision: the formation of Karl Marx's worldview | ||
| 260 |
_aFolio Books _bLahore _c2020 |
||
| 300 | _a183p | ||
| 650 | _aGerman philosopher | ||
| 942 | _cBK | ||
| 999 |
_c67210 _d67210 |
||